Online Catalogue and eLibrary

A field of one's own : (Record no. 2741)

MARC details
000 -LEADER
fixed length control field 00509nam a2200205Ia 4500
005 - DATE AND TIME OF LATEST TRANSACTION
control field 20240516045523.0
008 - FIXED-LENGTH DATA ELEMENTS--GENERAL INFORMATION
fixed length control field 240331s9999 xx 000 0 und d
020 ## - INTERNATIONAL STANDARD BOOK NUMBER
ISBN 0521418682
082 ## - DDC Classification
Item Number - Author Mark AGA
Class No. 333
100 ## - MAIN ENTRY--PERSONAL NAME
Personal name Agarwal, Bina
245 #2 - TITLE STATEMENT
Title A field of one's own :
Remainder of title gender and land rights in South Asia
250 ## - EDITION STATEMENT
Edition statement 1 st
260 ## - PUBLICATION, DISTRIBUTION, ETC.
Place of publication, distribution, etc. New Delhi
Name of publisher, distributor, etc. Foundation books
Date of publication, distribution, etc. 1994
300 ## - PHYSICAL DESCRIPTION
Extent (e.g. Volumes, Pages etc.) xxi, 572 p .,
650 ## - SUBJECT ADDED ENTRY--TOPICAL TERM
Topical term or geographic name entry element Gender
650 ## - SUBJECT ADDED ENTRY--TOPICAL TERM
Topical term or geographic name entry element Economic
650 ## - SUBJECT ADDED ENTRY--TOPICAL TERM
Topical term or geographic name entry element Social
650 ## - SUBJECT ADDED ENTRY--TOPICAL TERM
Topical term or geographic name entry element \Rights
942 ## - Koha item type (Biblio)
Koha item type Books in Stacks (Lending)
Holdings
Lost status Damaged status Collection code Home library Current library Shelving location Date acquired Full call number Accession Number Item type
    Lending WERC Library WERC Library Social Science Cupboard 03/31/2024 333.31 AGA 5018 Books in Stacks (Lending)

© WERC Library